00900cam a2200205 a 450000100060000000300080000600500170001400800410003103500190007204000270009104100080011808200280012610000620015424501830021626001180039930000340051750400510055165000480060265000440065081929BD-RjUL20230917154704.0230914s1948 p a b 001 0 pk d a(BD-RjUL)81929 aUKMcUKMdBD-RjULbeng aurd04a891.43909223bIKS 19481 a اکرام، اىس. اىم ;; Ikram, S. M. d1908-197310aثقافت پاکستان / S̲aqāfat-i Pākistān /c murattabah, Shaik̲h̲ Muḥammad Ikrām ;; مرتبه، شىخ محمد اکرام., اکرام، اىس. اىم.  a Karāchī :bادارۂ مطبوعات پاکستان، Idārah-yi Mat̤būʻāt-i Pākistān,, ,c1948 a344 pages ; :bill. ;c23 cm. aIncludes bibliographical references and index. aPakistani literaturevHistory and criticism aUrdu literaturev History and criticism